000 00988cam a2200229 4500
001 WB3644-24
008 000000n2000 000 0 eng u
035 _a(Sirsi) u109275
245 _aLease
260 _c2000
490 _aEstates Gazette Case Summaries
_v[2000] EGCS 118 (4/11/00)
520 _a"Eaton Square Properties Ltd v O'Higgins". CA 20 October 2000. Defendant moved into premises owned by the claimant landlord. The company owned by defendant was named as tenant for tax purposes. On expiry of lease the landlord issued proceedings for possession. Question whether defendant was statutory tenant and whether the lease was a sham. The defendant appealed. Appeal dismissed.
590 _aWB
650 _aEATON SQUARE PROPERTIES LTD V O'HIGGINS
650 _aSTATUTORY TENANCY
650 _aRENT ACT 1977 S2
650 _aCORPORATION TAX
650 _aUNDERLEASES
650 _aSHAM
690 _aLANDLORD AND TENANT-RESIDENTIAL TENANCIES-CASE LAW
942 _n0
999 _c65221
_d65221